Ładuje się......

Electronic, magnetic and optical materials

Opis bibliograficzny
1. autor: Fulay, Pradeep
LEADER 00197 a2200097 4500
020
260
942 |c BB  |6 _ 
245 |a Electronic, magnetic and optical materials 
100 |a Fulay, Pradeep 
999 |c 57484  |d 57484